00409nam a2200157Ia 4500003000400000008004100004040001600045082001300061100002200074245005000096700002100146260003700167300001000204650001500214650002200229GCL140319s9999 xx 000 0 eng d aGCL / cGCL04a843bB L1 aBELLEMARE, PIERRE10aLES DOSSIERS D'INTERPOL / cBELLEMARE, PIERRE1 aANTOINE, JACQUES a[S.N] : bEDITION NO 1 ، c1979 a283 P04aLITERATURE04aFRENCH LITERATURE